Miasta powiatu wołomińskiego - Statystyki

Ogólne statystyki
  • Ten quiz został rozwiązany 67 razy
  • Średni wynik to 8 z 12
Statystyki odpowiedzi
Odpowiedź % Poprawnych
1 Wołomin
97%
4 Ząbki
97%
2 Kobyłka
93%
3 Zielonka
90%
5 Radzymin
85%
8 Tłuszcz
82%
7 Marki
77%
9 Jadów
46%
10 Klembów
38%
6 Dąbrówka
31%
12 Strachówka
25%
11 Poświętne
21%
Nie znaleziono quizów pasujących do podanych kryteriów
Rozkład punktacji
Procent ludzi z każdym wynikiem
Percentyl według liczby udzielonych odpowiedzi
Twoja historia wyników
Nie rozwiązałeś tego quizu